000 00637nam a2200205 i 4500
001 bgj
100 1 _aLESSING, Johann Gottfried.
245 1 0 _aLessing :
_bein Lesebuch für unsere Zeit /
_cJohan Gottfried Lessing ; [hrsg.] von Walther Victor.
246 1 0 _aLessing, Goethe, Heine :
_bLesebücher für unsere Zeit.
260 _aErfurt :
_bThüringer Volksverlag,
_c1951.
300 _aXX, 479 s., [1] k. :
_bil. ;
_c20 cm.
650 9 _aLiteratura niemiecka
700 1 _aVICTOR, Walther.
040 _cBPK
041 0 _ager
044 _aDEU
080 _a821.112.2
942 _cKS
008 s gw f |000 0 ger
999 _c50620
_d50620
856 _uhttp://koha.tu.koszalin.pl/cgi-bin/koha/opac-detail.pl?biblionumber=50620
_yKatalog online BPK